000 01784cam a22003977a 4500
003 CHAP
005 20220817042934.0
008 971013s1995 r 00010 d
010 _a60492
011 _a61464
035 _a65630
040 _cCHAP
082 _a338.972 I59 1995
_bCoah.
110 _aInstituto Nacional de Estadística, Geografía e Informática. México
_959304
245 0 _aCuaderno estadístico municipal
_b: Coahuila
260 _aAguascalientes, Ags. :
_bINEGI,
_c1995
300 _av.
500 _aLa biblioteca tiene : v.1 Acuña.--v.2 Frontera.--v.3 Sabinas
590 _aBATCH-UPD
_b10
_c20130110
_lUCH01
_h1638
590 _aBATCH-UPD
_b10
_c20130410
_lUCH01
_h1029
590 _aBATCH-UPD
_b10
_c20130914
_lUCH01
_h0952
590 _aCONVERSION
_b10
_c20130109
_lUCH01
_h1332
650 1 4 _aAgricultura
_xEstadisticas
_xCoahuila.
_91427
650 1 4 _aCoahuila
_xCondiciones económicas.
650 1 4 _aCoahuila
_xCondiciones sociales.
_923979
650 1 4 _aCoahuila
_xEstadísticas.
_923982
650 1 4 _aGanadería
_xEstadísticas
_xCoahuila.
_944695
901 _aBK
942 _cLIBRO
949 _a338.972 I59 1995 Coah.
_bBC
_cINEGI
_d33724000090379
_eINEGI
_fv.3
_gI. c/e
_h90854
_i65630
_si
_t23.00
949 _a338.972 I59 1995 Coah.
_bBC
_cINEGI
_d33724000090395
_eINEGI
_fv.1
_gI. c/e
_h90850
_i65630
_si
_t23.00
949 _a338.972 I59 1995 Coah.
_bBC
_cINEGI
_d33724000191854
_eINEGI
_fv.2
_gI. c/e
_h90852
_i65630
_si
_t23.00
949 _a338.972 I59 1995 Coah.
_bBC
_cINEGI
_d33724000191862
_eINEGI
_fv.1 c.2
_gI. c/e
_h90851
_i65630
_si
_t23.00
949 _a338.972 I59 1995 Coah.
_bBC
_cINEGI
_d33724000191870
_eINEGI
_fv.2 c.2
_gI. c/e
_h90853
_i65630
_si
_t23.00
949 _a338.972 I59 1995 Coah.
_bBC
_cINEGI
_d33724000191888
_eINEGI
_fv.3 c.2
_gI. c/e
_h90855
_i65630
_si
_t23.00
999 _c60492
_d60492